[Event "Superfinal Championship 2022 Men"]
[Site "Cheboksary"]
[Date "2022.09.21"]
[Round "10.1"]
[White "Iljiushenok, Ilia"]
[Black "Sjugirov, Sanan"]
[Result "1/2-1/2"]
[BlackElo "2703"]
[WhiteElo "2551"]
[LiveChessVersion "1.4.8"]

1. e4 {[%clk 1:30:56]} e5 {[%clk 1:30:42]} 2. Nc3 {[%clk 1:30:24]} Nc6
{[%clk 1:30:33]} 3. Nf3 {[%clk 1:30:48]} Nf6 {[%clk 1:30:46]} 4. Bb5
{[%clk 1:31:14]} Bd6 {[%clk 1:28:23]} 5. d3 {[%clk 1:31:23]} h6 {[%clk 1:17:31]}
6. Be3 {[%clk 1:20:07]} a6 {[%clk 1:06:28]} 7. Ba4 {[%clk 1:19:29]} O-O
{[%clk 0:55:31]} 8. h3 {[%clk 1:12:40]} b5 {[%clk 0:52:03]} 9. Bb3
{[%clk 1:11:13]} Bb4 {[%clk 0:52:19]} 10. O-O {[%clk 1:07:14]} Bxc3
{[%clk 0:51:19]} 11. bxc3 {[%clk 1:07:41]} d6 {[%clk 0:49:07]} 12. Nd2
{[%clk 1:05:19]} 1/2-1/2

[Event "Superfinal Championship 2022 Men"]
[Site "Cheboksary"]
[Date "2022.09.21"]
[Round "10.2"]
[White "Esipenko, Andrey"]
[Black "Nesterov, Arseniy"]
[Result "1/2-1/2"]
[BlackElo "2575"]
[WhiteElo "2678"]
[LiveChessVersion "1.4.8"]

1. Nf3 {[%clk 1:30:53]} d5 {[%clk 1:30:49]} 2. e3 {[%clk 1:30:57]} Nf6
{[%clk 1:30:44]} 3. c4 {[%clk 1:31:00]} c6 {[%clk 1:28:32]} 4. Qc2
{[%clk 1:31:02]} e6 {[%clk 1:26:03]} 5. b3 {[%clk 1:31:10]} Bd6 {[%clk 1:25:15]}
6. Bb2 {[%clk 1:31:19]} O-O {[%clk 1:21:54]} 7. d4 {[%clk 1:31:33]} b6
{[%clk 1:09:14]} 8. Nbd2 {[%clk 1:31:10]} Bb7 {[%clk 1:09:15]} 9. Bd3
{[%clk 1:31:21]} Nbd7 {[%clk 1:08:56]} 10. g4 {[%clk 1:31:34]} g6
{[%clk 0:51:58]} 11. h4 {[%clk 1:31:29]} Nxg4 {[%clk 0:47:31]} 12. h5
{[%clk 1:31:23]} f5 {[%clk 0:43:35]} 13. hxg6 {[%clk 1:29:50]} hxg6
{[%clk 0:44:03]} 14. Rg1 {[%clk 1:29:31]} Qf6 {[%clk 0:30:38]} 15. Rg2
{[%clk 1:25:03]} Kf7 {[%clk 0:26:00]} 16. O-O-O {[%clk 1:22:01]} Ke7
{[%clk 0:25:13]} 17. Rdg1 {[%clk 1:02:17]} Kd8 {[%clk 0:22:19]} 18. Nf1
{[%clk 0:52:18]} Kc7 {[%clk 0:18:46]} 19. N3d2 {[%clk 0:39:37]} Qh4
{[%clk 0:18:01]} 20. Kb1 {[%clk 0:36:51]} Rae8 {[%clk 0:13:54]} 21. f3
{[%clk 0:28:37]} 1/2-1/2

[Event "Superfinal Championship 2022 Men"]
[Site "Cheboksary"]
[Date "2022.09.21"]
[Round "10.3"]
[White "Tomashevsky, Evgeny"]
[Black "Matlakov, Maxim"]
[Result "1/2-1/2"]
[BlackElo "2671"]
[WhiteElo "2700"]
[LiveChessVersion "1.4.8"]

1. c4 {[%clk 1:30:52]} Nf6 {[%clk 1:30:44]} 2. Nf3 {[%clk 1:31:10]} e6
{[%clk 1:31:05]} 3. g3 {[%clk 1:31:21]} d5 {[%clk 1:31:17]} 4. Bg2
{[%clk 1:31:44]} dxc4 {[%clk 1:30:30]} 5. Qa4+ {[%clk 1:31:18]} Nbd7
{[%clk 1:30:51]} 6. Qxc4 {[%clk 1:30:54]} a6 {[%clk 1:31:06]} 7. Qc2
{[%clk 1:28:17]} c5 {[%clk 1:30:44]} 8. Nc3 {[%clk 1:28:08]} Qc7 {[%clk 1:30:51]}
9. O-O {[%clk 1:25:37]} b6 {[%clk 1:29:12]} 10. d4 {[%clk 1:24:32]} Bb7
{[%clk 1:29:08]} 11. dxc5 {[%clk 1:23:59]} Bxc5 {[%clk 1:28:52]} 12. Bf4
{[%clk 1:22:45]} Bd6 {[%clk 1:28:58]} 13. Bxd6 {[%clk 1:23:05]} Qxd6
{[%clk 1:29:24]} 14. Rfd1 {[%clk 1:23:24]} Qc7 {[%clk 1:29:00]} 15. Rd4
{[%clk 1:22:48]} O-O {[%clk 1:28:26]} 16. Rad1 {[%clk 1:18:49]} Rac8
{[%clk 1:22:44]} 17. Qd2 {[%clk 0:59:30]} Bc6 {[%clk 1:22:07]} 18. Ng5
{[%clk 0:46:01]} 1/2-1/2

[Event "Superfinal Championship 2022 Men"]
[Site "Cheboksary"]
[Date "2022.09.21"]
[Round "10.4"]
[White "Artemiev, Vladislav"]
[Black "Najer, Evgeniy"]
[Result "1/2-1/2"]
[BlackElo "2676"]
[WhiteElo "2706"]
[LiveChessVersion "1.4.8"]

1. e4 {[%clk 1:30:32]} e5 {[%clk 1:27:45]} 2. Nf3 {[%clk 1:30:41]} Nc6
{[%clk 1:28:10]} 3. Bb5 {[%clk 1:30:50]} a6 {[%clk 1:28:00]} 4. Ba4
{[%clk 1:31:06]} Nf6 {[%clk 1:28:24]} 5. O-O {[%clk 1:31:18]} Be7
{[%clk 1:28:29]} 6. Re1 {[%clk 1:30:02]} b5 {[%clk 1:28:06]} 7. Bb3
{[%clk 1:30:22]} O-O {[%clk 1:28:05]} 8. h3 {[%clk 1:27:43]} Bb7 {[%clk 1:27:03]}
9. d3 {[%clk 1:27:59]} d5 {[%clk 1:23:26]} 10. exd5 {[%clk 1:27:36]} Nxd5
{[%clk 1:23:47]} 11. a4 {[%clk 1:27:14]} Nd4 {[%clk 1:21:42]} 12. Nxd4
{[%clk 1:18:34]} exd4 {[%clk 1:21:35]} 13. axb5 {[%clk 1:18:58]} axb5
{[%clk 1:21:36]} 14. Rxa8 {[%clk 1:19:17]} Bxa8 {[%clk 1:22:02]} 15. Na3
{[%clk 1:19:33]} Bb4 {[%clk 0:55:40]} 16. Bd2 {[%clk 1:19:08]} Bxd2
{[%clk 0:50:48]} 17. Qxd2 {[%clk 1:19:06]} Qf6 {[%clk 0:31:45]} 18. Bxd5
{[%clk 1:17:40]} Bxd5 {[%clk 0:31:59]} 19. Nxb5 {[%clk 1:18:02]} Bxg2
{[%clk 0:29:49]} 20. Kxg2 {[%clk 1:18:10]} Qc6+ {[%clk 0:30:14]} 21. Kg3
{[%clk 1:12:11]} Qxb5 {[%clk 0:30:04]} 22. Qf4 {[%clk 1:08:01]} c5
{[%clk 0:23:54]} 23. b3 {[%clk 0:59:11]} Qc6 {[%clk 0:22:11]} 24. Qe4
{[%clk 0:51:00]} Qd6+ {[%clk 0:21:59]} 25. Qe5 {[%clk 0:49:34]} Qc6
{[%clk 0:22:05]} 26. h4 {[%clk 0:47:24]} Qg6+ {[%clk 0:17:43]} 27. Kh3
{[%clk 0:40:04]} Qc6 {[%clk 0:15:43]} 28. Re4 {[%clk 0:25:43]} h6
{[%clk 0:15:39]} 29. Kg3 {[%clk 0:21:41]} Rd8 {[%clk 0:14:55]} 30. f3
{[%clk 0:12:23]} Rd5 {[%clk 0:10:16]} 31. Qe8+ {[%clk 0:10:13]} Qxe8
{[%clk 0:10:45]} 32. Rxe8+ {[%clk 0:10:35]} Kh7 {[%clk 0:11:13]} 33. Rb8
{[%clk 0:09:51]} Kg6 {[%clk 0:08:57]} 34. Rb5 {[%clk 0:04:45]} Rf5
{[%clk 0:09:19]} 35. f4 {[%clk 0:03:45]} Kf6 {[%clk 0:07:42]} 36. Kg4
{[%clk 0:01:38]} g6 {[%clk 0:07:10]} 37. Ra5 {[%clk 0:01:50]} Ke6
{[%clk 0:04:49]} 38. Ra6+ {[%clk 0:01:31]} Ke7 {[%clk 0:04:40]} 39. Rb6
{[%clk 0:01:20]} Kd7 {[%clk 0:02:51]} 40. b4 {[%clk 0:30:40]} cxb4
{[%clk 0:32:47]} 41. Rxb4 {[%clk 0:31:04]} Rd5 {[%clk 0:33:10]} 42. Kf3
{[%clk 0:27:07]} Ke6 {[%clk 0:30:05]} 43. Ke4 {[%clk 0:25:11]} Rh5
{[%clk 0:26:17]} 44. Rb6+ {[%clk 0:20:42]} Ke7 {[%clk 0:26:26]} 45. Kxd4
{[%clk 0:17:23]} Rxh4 {[%clk 0:26:50]} 46. Ke5 {[%clk 0:17:19]} Rh5+
{[%clk 0:27:12]} 47. Ke4 {[%clk 0:17:46]} Rh4 {[%clk 0:22:57]} 48. Ke5
{[%clk 0:05:56]} Rh5+ {[%clk 0:23:02]} 49. Ke4 {[%clk 0:06:21]} Rh4
{[%clk 0:23:17]} 50. Ke5 {[%clk 0:04:03]} 1/2-1/2

[Event "Superfinal Championship 2022 Men"]
[Site "Cheboksary"]
[Date "2022.09.21"]
[Round "10.5"]
[White "Murzin, Volodar"]
[Black "Chigaev, Maksim"]
[Result "1-0"]
[BlackElo "2641"]
[WhiteElo "2534"]
[LiveChessVersion "1.4.8"]

1. e4 {[%clk 1:30:57]} c5 {[%clk 1:30:49]} 2. Nf3 {[%clk 1:31:22]} e6
{[%clk 1:31:08]} 3. d4 {[%clk 1:28:57]} cxd4 {[%clk 1:31:02]} 4. Nxd4
{[%clk 1:29:25]} Nc6 {[%clk 1:31:21]} 5. Bf4 {[%clk 1:27:24]} Nf6
{[%clk 1:31:01]} 6. Nb5 {[%clk 1:16:28]} e5 {[%clk 1:31:18]} 7. Bg5
{[%clk 1:16:52]} Bc5 {[%clk 1:31:40]} 8. N1c3 {[%clk 1:09:17]} d6
{[%clk 1:31:56]} 9. Nd5 {[%clk 0:57:48]} Nxe4 {[%clk 1:31:27]} 10. Nbc7+
{[%clk 0:54:42]} Kf8 {[%clk 1:31:25]} 11. Bxd8 {[%clk 0:55:06]} Bxf2+
{[%clk 1:31:47]} 12. Ke2 {[%clk 0:55:33]} Bg4+ {[%clk 1:32:10]} 13. Kd3
{[%clk 0:56:00]} Nc5+ {[%clk 1:32:34]} 14. Kc4 {[%clk 0:31:48]} Bxd1
{[%clk 0:59:32]} 15. Nxa8 {[%clk 0:31:37]} Bg4 {[%clk 0:36:22]} 16. Bc7
{[%clk 0:28:32]} Ke8 {[%clk 0:28:53]} 17. Bxd6 {[%clk 0:23:51]} Ne4
{[%clk 0:27:37]} 18. Ba3 {[%clk 0:16:18]} Kd7 {[%clk 0:18:53]} 19. Nac7
{[%clk 0:09:23]} a6 {[%clk 0:14:15]} 20. Kd3 {[%clk 0:08:18]} Nc5+
{[%clk 0:03:42]} 21. Kd2 {[%clk 0:08:36]} Ne4+ {[%clk 0:03:51]} 22. Kc1
{[%clk 0:07:40]} Ba7 {[%clk 0:03:47]} 23. Bd3 {[%clk 0:07:21]} Nf2
{[%clk 0:03:53]} 24. Re1 {[%clk 0:07:43]} Rc8 {[%clk 0:01:07]} 25. Kd2
{[%clk 0:07:33]} Rxc7 {[%clk 0:01:18]} 26. Nxc7 {[%clk 0:07:30]} Kxc7
{[%clk 0:01:47]} 27. Bf8 {[%clk 0:07:03]} g6 {[%clk 0:02:06]} 28. Bh6
{[%clk 0:07:13]} Nxd3 {[%clk 0:02:23]} 29. cxd3 {[%clk 0:05:21]} Bb6
{[%clk 0:02:45]} 30. Rf1 {[%clk 0:05:26]} f5 {[%clk 0:02:14]} 31. a3
{[%clk 0:02:51]} f4 {[%clk 0:02:03]} 32. Rae1 {[%clk 0:02:19]} Kd6
{[%clk 0:02:12]} 33. g3 {[%clk 0:02:29]} fxg3 {[%clk 0:01:56]} 34. hxg3
{[%clk 0:02:54]} Nd4 {[%clk 0:02:25]} 35. Be3 {[%clk 0:02:25]} Bf5
{[%clk 0:02:09]} 36. b4 {[%clk 0:00:53]} h5 {[%clk 0:02:37]} 37. Bxd4
{[%clk 0:00:34]} Bxd4 {[%clk 0:03:06]} 38. Rxf5 {[%clk 0:00:36]} gxf5
{[%clk 0:03:29]} 39. Rh1 {[%clk 0:01:04]} Ke6 {[%clk 0:03:04]} 40. Rxh5
{[%clk 0:31:29]} Kf6 {[%clk 0:33:33]} 41. Ke2 {[%clk 0:27:43]} Bb2
{[%clk 0:31:46]} 42. a4 {[%clk 0:26:21]} Kg6 {[%clk 0:31:57]} 43. Rh8
{[%clk 0:26:10]} Bc3 {[%clk 0:32:22]} 44. Rb8 {[%clk 0:25:28]} Bxb4
{[%clk 0:32:48]} 45. Rxb7 {[%clk 0:25:54]} a5 {[%clk 0:33:09]} 46. Kf3
{[%clk 0:26:04]} Kg5 {[%clk 0:33:05]} 47. Rb5 {[%clk 0:25:56]} Kf6
{[%clk 0:33:32]} 48. g4 {[%clk 0:26:19]} 1-0

[Event "Superfinal Championship 2022 Men"]
[Site "Cheboksary"]
[Date "2022.09.22"]
[Round "11.2"]
[White "Chigaev, Maksim"]
[Black "Rakhmanov, Aleksandr"]
[Result "1/2-1/2"]
[BlackElo "2633"]
[WhiteElo "2641"]
[LiveChessVersion "1.4.8"]

1. Nf3 {[%clk 1:30:36]} d5 {[%clk 1:30:20]} 2. c4 {[%clk 1:30:54]} e6
{[%clk 1:29:27]} 3. g3 {[%clk 1:31:06]} g6 {[%clk 1:29:12]} 4. Bg2
{[%clk 1:31:07]} Bg7 {[%clk 1:29:36]} 5. O-O {[%clk 1:31:25]} Ne7
{[%clk 1:29:41]} 6. d4 {[%clk 1:31:02]} O-O {[%clk 1:29:04]} 7. Qc2
{[%clk 1:31:16]} Nbc6 {[%clk 1:29:19]} 8. Rd1 {[%clk 1:31:31]} Nb4
{[%clk 1:28:20]} 9. Qd2 {[%clk 1:27:38]} a5 {[%clk 1:27:52]} 10. b3
{[%clk 1:25:23]} dxc4 {[%clk 1:21:22]} 11. bxc4 {[%clk 1:25:29]} c5
{[%clk 1:21:07]} 12. Bb2 {[%clk 1:23:49]} cxd4 {[%clk 1:15:29]} 13. Nxd4
{[%clk 1:21:16]} e5 {[%clk 1:04:40]} 14. Nb5 {[%clk 1:19:38]} Qxd2
{[%clk 1:02:47]} 15. Nxd2 {[%clk 1:03:57]} f5 {[%clk 0:59:05]} 16. Nc7
{[%clk 0:50:41]} Rb8 {[%clk 0:52:27]} 17. c5 {[%clk 0:50:27]} Na6
{[%clk 0:41:54]} 18. Nxa6 {[%clk 0:38:08]} bxa6 {[%clk 0:42:14]} 19. Ba3
{[%clk 0:37:53]} e4 {[%clk 0:41:23]} 20. Rac1 {[%clk 0:38:15]} Nc6
{[%clk 0:38:02]} 21. Nc4 {[%clk 0:33:26]} Be6 {[%clk 0:37:29]} 22. e3
{[%clk 0:33:09]} Bxc4 {[%clk 0:19:52]} 23. Rxc4 {[%clk 0:33:29]} Rfd8
{[%clk 0:16:30]} 24. Rd6 {[%clk 0:28:43]} Ne5 {[%clk 0:15:51]} 25. Rc1
{[%clk 0:28:19]} Nd3 {[%clk 0:06:49]} 26. Rd1 {[%clk 0:27:24]} Bf8
{[%clk 0:04:20]} 27. Rxd8 {[%clk 0:26:44]} Rxd8 {[%clk 0:04:46]} 28. f3
{[%clk 0:26:19]} Re8 {[%clk 0:02:45]} 29. fxe4 {[%clk 0:26:23]} fxe4
{[%clk 0:03:03]} 30. Bxe4 {[%clk 0:25:50]} Rxe4 {[%clk 0:02:59]} 31. Rxd3
{[%clk 0:26:05]} Rc4 {[%clk 0:02:55]} 32. c6 {[%clk 0:23:33]} Bb4
{[%clk 0:02:40]} 33. Rd4 {[%clk 0:06:45]} Rxc6 {[%clk 0:02:23]} 34. Bxb4
{[%clk 0:07:09]} axb4 {[%clk 0:02:46]} 35. Rxb4 {[%clk 0:07:33]} Rc1+
{[%clk 0:02:40]} 36. Kf2 {[%clk 0:07:52]} Rc2+ {[%clk 0:02:52]} 37. Kf3
{[%clk 0:08:17]} Rxa2 {[%clk 0:03:13]} 38. h4 {[%clk 0:08:06]} a5
{[%clk 0:02:03]} 39. Rb8+ {[%clk 0:08:25]} Kg7 {[%clk 0:02:20]} 40. Rb7+
{[%clk 0:38:48]} Kg8 {[%clk 0:32:02]} 41. Ra7 {[%clk 0:35:01]} a4
{[%clk 0:32:18]} 42. e4 {[%clk 0:33:03]} a3 {[%clk 0:28:44]} 43. Kf4
{[%clk 0:32:41]} Ra1 {[%clk 0:23:45]} 44. Kg5 {[%clk 0:25:37]} a2
{[%clk 0:22:35]} 45. Kh6 {[%clk 0:24:08]} Rg1 {[%clk 0:22:25]} 46. Rxa2
{[%clk 0:24:09]} Rxg3 {[%clk 0:22:49]} 47. Ra7 {[%clk 0:24:04]} Rg4
{[%clk 0:18:40]} 48. Rg7+ {[%clk 0:24:24]} Kf8 {[%clk 0:19:03]} 49. Rxh7
{[%clk 0:24:48]} Rxh4+ {[%clk 0:19:20]} 50. Kxg6 {[%clk 0:25:12]} Rxh7
{[%clk 0:19:37]} 51. Kxh7 {[%clk 0:25:37]} 1/2-1/2

[Event "Superfinal Championship 2022 Men"]
[Site "Cheboksary"]
[Date "2022.09.22"]
[Round "11.3"]
[White "Najer, Evgeniy"]
[Black "Murzin, Volodar"]
[Result "0-1"]
[BlackElo "2534"]
[WhiteElo "2676"]
[LiveChessVersion "1.4.8"]

1. e4 {[%clk 1:30:55]} e5 {[%clk 1:29:46]} 2. Nf3 {[%clk 1:31:09]} Nc6
{[%clk 1:30:11]} 3. Bc4 {[%clk 1:29:28]} Nf6 {[%clk 1:26:07]} 4. d3
{[%clk 1:29:43]} Be7 {[%clk 1:22:04]} 5. O-O {[%clk 1:29:48]} O-O
{[%clk 1:22:30]} 6. Re1 {[%clk 1:29:10]} d6 {[%clk 1:22:43]} 7. a4
{[%clk 1:29:15]} Be6 {[%clk 1:18:14]} 8. Nbd2 {[%clk 1:27:28]} h6
{[%clk 1:17:34]} 9. c3 {[%clk 1:24:50]} a5 {[%clk 1:00:19]} 10. Bxe6
{[%clk 1:11:10]} fxe6 {[%clk 1:00:17]} 11. Nc4 {[%clk 1:11:35]} Qe8
{[%clk 0:45:50]} 12. Bd2 {[%clk 1:08:30]} Qg6 {[%clk 0:44:01]} 13. Na3
{[%clk 0:52:25]} Rf7 {[%clk 0:33:38]} 14. Nh4 {[%clk 0:33:21]} Qh7
{[%clk 0:23:30]} 15. Nb5 {[%clk 0:26:32]} Raf8 {[%clk 0:22:22]} 16. Nxc7
{[%clk 0:24:29]} Ne8 {[%clk 0:18:10]} 17. Nxe6 {[%clk 0:24:33]} Bxh4
{[%clk 0:18:33]} 18. g3 {[%clk 0:23:59]} Qg6 {[%clk 0:18:18]} 19. Nxf8
{[%clk 0:23:49]} Rxf8 {[%clk 0:18:02]} 20. Rf1 {[%clk 0:19:10]} Bd8
{[%clk 0:16:05]} 21. Qb3+ {[%clk 0:15:45]} Qf7 {[%clk 0:16:22]} 22. Qxf7+
{[%clk 0:15:55]} Rxf7 {[%clk 0:16:36]} 23. Kg2 {[%clk 0:15:15]} Nf6
{[%clk 0:15:50]} 24. b4 {[%clk 0:14:08]} Bb6 {[%clk 0:13:28]} 25. Rab1
{[%clk 0:11:39]} Rd7 {[%clk 0:13:06]} 26. bxa5 {[%clk 0:09:45]} Bxa5
{[%clk 0:13:29]} 27. Rb5 {[%clk 0:05:59]} d5 {[%clk 0:13:08]} 28. exd5
{[%clk 0:06:25]} Nxd5 {[%clk 0:13:35]} 29. Rfb1 {[%clk 0:06:46]} Nde7
{[%clk 0:02:30]} 30. Rxb7 {[%clk 0:05:32]} Rxd3 {[%clk 0:02:59]} 31. Be1
{[%clk 0:05:16]} Kf7 {[%clk 0:02:38]} 32. R7b5 {[%clk 0:03:31]} Ke6
{[%clk 0:02:49]} 33. Rc5 {[%clk 0:03:38]} Kd6 {[%clk 0:01:40]} 34. Rc4
{[%clk 0:03:37]} h5 {[%clk 0:01:45]} 35. Kf1 {[%clk 0:02:49]} Rf3
{[%clk 0:01:00]} 36. Bd2 {[%clk 0:02:22]} Nd5 {[%clk 0:01:05]} 37. Rh4
{[%clk 0:01:16]} g6 {[%clk 0:00:57]} 38. Ke2 {[%clk 0:01:01]} Rxc3
{[%clk 0:01:00]} 39. Kf1 {[%clk 0:01:02]} Rc2 {[%clk 0:00:53]} 40. Bxa5
{[%clk 0:31:03]} Nxa5 {[%clk 0:31:21]} 41. Kg1 {[%clk 0:22:31]} Nc6
{[%clk 0:28:11]} 42. Rd1 {[%clk 0:15:04]} Nd4 {[%clk 0:13:51]} 43. Rhxd4
{[%clk 0:15:25]} exd4 {[%clk 0:14:16]} 44. Rxd4 {[%clk 0:15:51]} Ke5
{[%clk 0:14:42]} 45. Rd3 {[%clk 0:14:07]} Ra2 {[%clk 0:14:46]} 46. h4
{[%clk 0:14:25]} Rxa4 {[%clk 0:14:58]} 47. Rf3 {[%clk 0:12:37]} Ra2
{[%clk 0:14:08]} 48. Kg2 {[%clk 0:12:04]} Nf6 {[%clk 0:08:35]} 49. Kg1
{[%clk 0:09:48]} Ne4 {[%clk 0:07:20]} 50. Kg2 {[%clk 0:10:04]} Ra6
{[%clk 0:07:38]} 51. Rb3 {[%clk 0:09:27]} Rf6 {[%clk 0:07:48]} 52. Rb2
{[%clk 0:09:51]} Kd4 {[%clk 0:08:08]} 53. Ra2 {[%clk 0:09:58]} Kd3
{[%clk 0:08:06]} 54. Rb2 {[%clk 0:08:33]} Nc3 {[%clk 0:06:37]} 55. Kf1
{[%clk 0:07:49]} Nd1 {[%clk 0:06:35]} 56. Ra2 {[%clk 0:08:11]} Nc3
{[%clk 0:06:01]} 57. Rb2 {[%clk 0:08:19]} Rf5 {[%clk 0:03:52]} 58. Kg2
{[%clk 0:08:12]} Rb5 {[%clk 0:02:01]} 59. Rxb5 {[%clk 0:07:53]} Nxb5
{[%clk 0:02:30]} 60. Kf3 {[%clk 0:07:57]} Nd4+ {[%clk 0:02:06]} 61. Kf4
{[%clk 0:07:09]} Ne6+ {[%clk 0:02:35]} 62. Ke5 {[%clk 0:05:47]} Ke2
{[%clk 0:02:58]} 63. f4 {[%clk 0:00:48]} Nf8 {[%clk 0:03:24]} 64. f5
{[%clk 0:00:53]} Kf3 {[%clk 0:03:50]} 65. fxg6 {[%clk 0:00:33]} Nxg6+
{[%clk 0:04:19]} 66. Kf5 {[%clk 0:00:47]} Kxg3 {[%clk 0:04:47]} 67. Kg5
{[%clk 0:00:57]} Nf4 {[%clk 0:05:11]} 68. Kf5 {[%clk 0:01:23]} Nh3
{[%clk 0:05:36]} 0-1

[Event "Superfinal Championship 2022 Men"]
[Site "Cheboksary"]
[Date "2022.09.22"]
[Round "11.4"]
[White "Matlakov, Maxim"]
[Black "Artemiev, Vladislav"]
[Result "1/2-1/2"]
[BlackElo "2706"]
[WhiteElo "2671"]
[LiveChessVersion "1.4.8"]

1. d4 {[%clk 1:30:53]} d5 {[%clk 1:30:38]} 2. c4 {[%clk 1:31:10]} c6
{[%clk 1:30:44]} 3. Nf3 {[%clk 1:29:49]} Nf6 {[%clk 1:30:56]} 4. e3
{[%clk 1:30:01]} Bf5 {[%clk 1:30:39]} 5. Nc3 {[%clk 1:30:11]} e6 {[%clk 1:30:53]}
6. Nh4 {[%clk 1:30:30]} Bg6 {[%clk 1:31:00]} 7. Bd2 {[%clk 1:29:35]} Nbd7
{[%clk 1:28:16]} 8. Nxg6 {[%clk 1:24:04]} hxg6 {[%clk 1:28:31]} 9. Qc2
{[%clk 1:23:19]} Rc8 {[%clk 1:20:47]} 10. Be2 {[%clk 1:04:43]} dxc4
{[%clk 0:58:07]} 11. Bxc4 {[%clk 1:03:01]} Be7 {[%clk 0:56:47]} 12. h3
{[%clk 0:52:52]} O-O {[%clk 0:52:13]} 13. O-O {[%clk 0:50:57]} a6
{[%clk 0:32:01]} 14. Be2 {[%clk 0:45:56]} 1/2-1/2

[Event "Superfinal Championship 2022 Men"]
[Site "Cheboksary"]
[Date "2022.09.22"]
[Round "11.5"]
[White "Nesterov, Arseniy"]
[Black "Tomashevsky, Evgeny"]
[Result "1/2-1/2"]
[BlackElo "2700"]
[WhiteElo "2575"]
[LiveChessVersion "1.4.8"]

1. d4 {[%clk 1:30:57]} Nf6 {[%clk 1:30:49]} 2. c4 {[%clk 1:31:21]} e6
{[%clk 1:31:13]} 3. Nf3 {[%clk 1:31:45]} d5 {[%clk 1:31:22]} 4. Nc3
{[%clk 1:32:06]} Bb4 {[%clk 1:31:16]} 5. Bg5 {[%clk 1:32:28]} h6 {[%clk 1:30:19]}
6. Bxf6 {[%clk 1:32:47]} Qxf6 {[%clk 1:30:42]} 7. e3 {[%clk 1:33:11]} O-O
{[%clk 1:28:33]} 8. Rc1 {[%clk 1:33:30]} Nc6 {[%clk 1:26:41]} 9. cxd5
{[%clk 1:28:23]} exd5 {[%clk 1:25:19]} 10. a3 {[%clk 1:28:42]} Bxc3+
{[%clk 1:12:47]} 11. Rxc3 {[%clk 1:29:06]} Ne7 {[%clk 1:10:03]} 12. Bd3
{[%clk 1:28:47]} c6 {[%clk 1:06:47]} 13. Ne5 {[%clk 1:23:59]} Bf5
{[%clk 0:58:19]} 14. O-O {[%clk 1:21:53]} Rfc8 {[%clk 0:35:50]} 15. Qf3
{[%clk 1:16:07]} Qe6 {[%clk 0:34:58]} 16. Bxf5 {[%clk 1:13:33]} Nxf5
{[%clk 0:34:14]} 17. Nd3 {[%clk 1:13:10]} Nd6 {[%clk 0:33:55]} 18. Rfc1
{[%clk 1:12:49]} Re8 {[%clk 0:32:21]} 19. a4 {[%clk 1:10:43]} Re7
{[%clk 0:30:39]} 1/2-1/2

[Event "Superfinal Championship 2022 Men"]
[Site "Cheboksary"]
[Date "2022.09.22"]
[Round "11.6"]
[White "Sjugirov, Sanan"]
[Black "Esipenko, Andrey"]
[Result "1/2-1/2"]
[BlackElo "2678"]
[WhiteElo "2703"]
[LiveChessVersion "1.4.8"]

1. Nf3 {[%clk 1:30:50]} Nf6 {[%clk 1:30:49]} 2. c4 {[%clk 1:30:57]} e6
{[%clk 1:31:13]} 3. g3 {[%clk 1:31:05]} d5 {[%clk 1:31:38]} 4. Bg2
{[%clk 1:31:19]} dxc4 {[%clk 1:32:01]} 5. Qa4+ {[%clk 1:31:31]} Nbd7
{[%clk 1:32:25]} 6. Qxc4 {[%clk 1:31:36]} a6 {[%clk 1:32:51]} 7. Qc2
{[%clk 1:30:56]} c5 {[%clk 1:32:14]} 8. Nc3 {[%clk 1:27:34]} Qc7 {[%clk 1:31:41]}
9. O-O {[%clk 1:09:00]} b6 {[%clk 1:31:05]} 10. d4 {[%clk 0:52:37]} Bb7
{[%clk 1:29:41]} 11. Bf4 {[%clk 0:49:17]} Bd6 {[%clk 1:29:12]} 12. Bxd6
{[%clk 0:48:21]} Qxd6 {[%clk 1:29:36]} 13. Rfd1 {[%clk 0:42:14]} O-O
{[%clk 1:28:15]} 14. dxc5 {[%clk 0:41:12]} Qxc5 {[%clk 1:27:36]} 15. Ne5
{[%clk 0:39:08]} Bxg2 {[%clk 1:09:55]} 16. Nxd7 {[%clk 0:39:08]} Nxd7
{[%clk 1:10:17]} 17. Kxg2 {[%clk 0:39:30]} Nf6 {[%clk 1:03:43]} 1/2-1/2